Normale Ansicht
MARC-Ansicht
Eintrag Personenname
001 - Kontrollnummer
- Kontrollfeld: 60661
003 - Kontrollnummer Identifier
- Kontrollfeld: RU-10907106
005 - Datum und Zeit der letzten Transaktion
- Kontrollfeld: 20240128185832.0
008 - Datenelemente mit fester Länge
- Kontrollfeld mit fester Länge: 240128|| aca||aabn | a|a d
040 ## - Katalogisierungsquelle
- Original-Katalogisierungsstelle: RU-10907106
- Übertragungsstelle: RU-10907106
100 ## - Ansetzung - Personenname
- Personenname: Gorman, Anthony
670 ## - Datenquelle
- Quellenangabe: Work cat.: (RU-10907106)70253: Booth, Marilyn. 39591, The Long 1890s in Egypt :